शेख़ सादी की कहानियाँ/ (Record no. 8700)

MARC details
000 -LEADER
fixed length control field 00914nam a22002297a 4500
005 - DATE AND TIME OF LATEST TRANSACTION
control field 20180704141433.0
008 - FIXED-LENGTH DATA ELEMENTS--GENERAL INFORMATION
fixed length control field 180704b xxu||||| |||| 00| 0 eng d
010 ## - LCCN (DPL NO)
LC control number HIN-81655
020 ## - INTERNATIONAL STANDARD BOOK NUMBER
International Standard Book Number 8179010473
Terms of availability 100.00
035 ## - SYSTEM CONTROL NUMBER
System control number HN-54001, A-925902
037 ## - SOURCE OF ACQUISITION
Source of stock number/acquisition BPPD/PUB
082 ## - DEWEY DECIMAL CLASSIFICATION NUMBER
Classification number
100 ## - MAIN ENTRY--PERSONAL NAME
Personal name शेख़ सादी
245 ## - TITLE STATEMENT
Title शेख़ सादी की कहानियाँ/
Statement of responsibility, etc शेख़ सादी
246 ## - VARYING FORM OF TITLE
Title proper/short title Sheikh Sadi ke Khaniyian
Remainder of title by Sheikh Sadi
260 ## - PUBLICATION, DISTRIBUTION, ETC. (IMPRINT)
Place of publication, distribution, etc नई दिल्ली
Name of publisher, distributor, etc सुयोग्य प्रकाशन
Date of publication, distribution, etc 1997, 2007
270 ## - ADDRESS
Address W-116,ग्रेटर कैलाश-1
City नई दिल्ली
Postal code 110048
300 ## - PHYSICAL DESCRIPTION
Extent 119पृ.;
Dimensions 22 सेमी (सजिल्द)
650 ## - SUBJECT ADDED ENTRY--TOPICAL TERM
Topical term or geographic name as entry element हिन्दी कहानियाँ
650 ## - SUBJECT ADDED ENTRY--TOPICAL TERM
Topical term or geographic name as entry element Hindi Stories
942 ## - ADDED ENTRY ELEMENTS (KOHA)
Institution code [OBSOLETE] dpl
Item type Hindi Books
Call number prefix क / सादिशे
Source of classification or shelving scheme Dewey Decimal Classification
Classification part
Call number suffix सादिशे
Holdings
Withdrawn status Lost status Source of classification or shelving scheme Damaged status Not for loan Home library Current library Date acquired Cost, normal purchase price Total Checkouts Full call number Barcode Date last seen Copy number Cost, replacement price Koha item type Collection code Source of acquisition
    Dewey Decimal Classification     D.B.Act.Division D.B.Act.Division 16/09/2008 125.00   क शेख़सा HN-54001 15/09/2008 1 125.00 Hindi Books    
    Dewey Decimal Classification     Shahdara Branch Shahdara Branch 04/07/2018 100.00   क सादिशे A-925902 04/07/2018   100.00 Hindi Books Fiction BPPD/PUB

© Delhi Public Library
Hit Counter
free hit counter